| 000 | 10273nam a22006977a 4500 | ||
|---|---|---|---|
| 005 | 20110218162719.0 | ||
| 010 | _aB-435286-426 | ||
| 020 |
_c200.00 _a8188090611 |
||
| 035 | _aB-435286-426 | ||
| 037 | _bबल्यूबेरी | ||
| 082 | _aक | ||
| 100 |
_aदेवेन्द्र, कुमार _91206 |
||
| 245 |
_aकॉमनवेल्थ देशों की अद्भुत लोक कथाएँ / _c देवेन्द्र कुमार |
||
| 260 |
_aदिल्ली _bस्वास्तिक प्रकाशन _c2011 |
||
| 270 |
_a1376, आत्मा राम बिल्डिंग कश्मीरी गेट, _bदिल्ली _e110006 |
||
| 300 |
_a136पृ. _c22सेमी (सजिल्द) |
||
| 700 |
_a शर्मा, गंगाप्रसाद _926107 |
||
| 942 |
_adpl _cCH _2ddc _mदेवेन्द्र _hक |
||
| 999 |
_c50675 _d50675 |
||